Treatise On Hydrostatics (Record no. 4462)
[ view plain ]
| 000 -LEADER | |
|---|---|
| fixed length control field | 00390nam a2200133Ia 4500 |
| 008 - FIXED-LENGTH DATA ELEMENTS--GENERAL INFORMATION | |
| fixed length control field | 211109s9999||||xx |||||||||||||| ||und|| |
| 082 ## - DEWEY DECIMAL CLASSIFICATION NUMBER | |
| Classification number | 532.2 |
| Item number | GUE-T |
| 100 ## - MAIN ENTRY--PERSONAL NAME | |
| Personal name | Guenhill, Alfrod George, |
| 245 #0 - TITLE STATEMENT | |
| Title | Treatise On Hydrostatics |
| 260 ## - PUBLICATION, DISTRIBUTION, ETC. | |
| Name of publisher, distributor, etc. | Macmillan and Co., Limited |
| Place of publication, distribution, etc. | Kingston |
| Date of publication, distribution, etc. | 1994 |
| 630 ## - SUBJECT ADDED ENTRY--UNIFORM TITLE | |
| General subdivision | General Stack |
| 650 ## - SUBJECT ADDED ENTRY--TOPICAL TERM | |
| Topical term or geographic name entry element | FLUID MECHANISM AND LIQUID MECHANISM |
| 942 ## - ADDED ENTRY ELEMENTS (KOHA) | |
| Koha item type | BOOK |
| 650 ## - SUBJECT ADDED ENTRY--TOPICAL TERM | |
| General subdivision | Physics |
| Withdrawn status | Lost status | Damaged status | Not for loan | Home library | Current library | Date acquired | Total Checkouts | Full call number | Barcode | Shelving location | Date last seen | Price effective from | Koha item type |
|---|---|---|---|---|---|---|---|---|---|---|---|---|---|
| SB LIBRARY | SB LIBRARY | 09/11/2021 | 532.2 GUE-T | 00004912 | GENERAL STACK | 09/11/2021 | 09/11/2021 | BOOK |